000 00274 a2200097 4500
050 _aBP172
_b.B96 2012
245 _aEngage :
_bChristian Responses to Islam /
_cBarnabas Fund.
260 _aU. S. A. :
_bBarnabas Fund,
_cc2012.
300 _a80 pages ;
_c29 cm.
942 _2lcc
_cBK
_n0
999 _c4391
_d4391